[Event "Quenza op 14th"]
[Site "Quenza"]
[Date "2025.07.06"]
[Round "9"]
[White "Hou, Yifan"]
[Black "Maurizzi, Marc Andria"]
[Result "1-0"]
[WhiteElo "2633"]
[BlackElo "2604"]
[PlyCount "73"]
[EventDate "2025.07.06"]
[EventType "swiss (blitz)"]
[EventRounds "9"]
[EventCountry "FRA"]
[SourceTitle "CB29_2025"]
[SourceDate "2025.07.16"]
[SourceVersion "1"]
[SourceVersionDate "2025.07.16"]
[SourceQuality "1"]

1. e4 c6 2. Nf3 d5 3. d3 g6 4. e5 Bg7 5. d4 f6 6. exf6 Nxf6 7. Be2 0-0 8. 0-0 Bf5 9. c4 Nbd7 10. Nc3 e6 11. Nh4 Ne4 12. Nxf5 gxf5 13. f3 Nd6 14. cxd5 cxd5 15. Bf4 Qb6 16. Kh1 Nf7 17. Nb5 Rac8 18. a4 a6 19. a5 Qd8 20. Nd6 Nxd6 21. Bxd6 Re8 22. Ra4 Nb6 23. Rb4 Qxd6 24. Rxb6 Qe7 25. Re1 Rc7 26. f4 Qf6 27. Bf3 Qxd4 28. Rbxe6 Rxe6 29. Bxd5 Rce7 30. Qxd4 Bxd4 31. Rxe6 Rxe6 32. Bxe6+ Kg7 33. b3 Bc3 34. Bxf5 Bxa5 35. Bc8 h5 36. g3 Kf6 37. Bxb7 1-0

[Event "Quenza op 14th"]
[Site "Quenza"]
[Date "2025.07.06"]
[Round "3"]
[White "Stoenescu, Radu"]
[Black "Maurizzi, Marc Andria"]
[Result "0-1"]
[WhiteElo "2009"]
[BlackElo "2604"]
[PlyCount "48"]
[EventDate "2025.07.06"]
[EventType "swiss (blitz)"]
[EventRounds "9"]
[EventCountry "FRA"]
[SourceTitle "CB29_2025"]
[SourceDate "2025.07.16"]
[SourceVersion "1"]
[SourceVersionDate "2025.07.16"]
[SourceQuality "1"]

1. e4 c6 2. d4 d5 3. e5 Bf5 4. Nf3 e6 5. Be2 Ne7 6. Be3 Ng6 7. c3 Nd7 8. b4 f6 9. exf6 Qxf6 10. Nbd2 Bd6 11. Nf1 e5 12. Ng3 e4 13. Nxf5 Qxf5 14. Nd2 Nh4 15. Bf1 0-0 16. g3 Ng6 17. h4 Qf7 18. h5 Ne7 19. Qg4 Nf5 20. Rh2 Bxg3 21. fxg3 Nxe3 22. Qh3 Nc2+ 23. Kd1 Nxa1 24. Kc1 e3 0-1

[Event "WchT Blitz Final"]
[Site "London"]
[Date "2025.06.15"]
[Round "1.2"]
[White "Maurizzi, Marc Andria"]
[Black "Vidit, Santosh Gujrathi"]
[Result "1/2-1/2"]
[WhiteElo "2607"]
[BlackElo "2720"]
[PlyCount "54"]
[EventDate "2025.06.15"]
[EventType "team-k.o. (blitz)"]
[EventRounds "4"]
[EventCountry "ENG"]
[SourceTitle "CB25_2025"]
[SourceDate "2025.06.18"]
[SourceVersion "1"]
[SourceVersionDate "2025.06.18"]
[SourceQuality "1"]
[WhiteTeam "Knight Dance"]
[BlackTeam "Hexamind Team"]
[WhiteTeamCountry "FRA"]
[BlackTeamCountry "USA"]

1. e4 e5 2. Nf3 Nc6 3. Bc4 Bc5 4. c3 Nf6 5. d3 h6 6. 0-0 d6 7. Nbd2 0-0 8. Re1 Bb6 9. Nf1 Ng4 10. Re2 Na5 11. Bb5 f5 12. exf5 Bxf5 13. Ng3 Bd7 14. Bxd7 Qxd7 15. d4 exd4 16. cxd4 Nc6 17. h3 Rxf3 18. gxf3 Nf6 19. Kg2 Nxd4 20. Re1 Rf8 21. Be3 Nd5 22. Qd3 Nxe3+ 23. fxe3 Nxf3 24. Rf1 Nh4+ 25. Kh2 Nf3+ 26. Kg2 Nh4+ 27. Kh2 Nf3+ 1/2-1/2

[Event "WchT Blitz Final"]
[Site "London"]
[Date "2025.06.15"]
[Round "1.1"]
[White "Vidit, Santosh Gujrathi"]
[Black "Maurizzi, Marc Andria"]
[Result "1-0"]
[WhiteElo "2720"]
[BlackElo "2607"]
[PlyCount "95"]
[EventDate "2025.06.15"]
[EventType "team-k.o. (blitz)"]
[EventRounds "4"]
[EventCountry "ENG"]
[SourceTitle "CB25_2025"]
[SourceDate "2025.06.18"]
[SourceVersion "1"]
[SourceVersionDate "2025.06.18"]
[SourceQuality "1"]
[WhiteTeam "Hexamind Team"]
[BlackTeam "Knight Dance"]
[WhiteTeamCountry "USA"]
[BlackTeamCountry "FRA"]

1. d4 Nf6 2. Nf3 e6 3. g3 d5 4. Bg2 Be7 5. 0-0 0-0 6. c4 c6 7. Qc2 Nbd7 8. b3 b6 9. Rd1 Ba6 10. Nbd2 Rc8 11. e4 c5 12. exd5 exd5 13. Bb2 Re8 14. Qf5 g6 15. Qh3 cxd4 16. Nxd4 Nc5 17. Nf1 Nfe4 18. Ne3 Bf6 19. Nxd5 Bg7 20. Qg4 Bb7 21. Rac1 h5 22. Qf4 Be5 23. Qh6 Bxd5 24. cxd5 Qf6 25. Qe3 Nd6 26. Qf3 Qg7 27. Bh3 Rc7 28. b4 Na6 29. Rxc7 Nxc7 30. Bg2 Nc4 31. Bc3 Nd6 32. a4 Na6 33. Qd3 Nc7 34. Re1 Rc8 35. Ba1 Kh7 36. h4 Nce8 37. Ne6 fxe6 38. Bxe5 Qf7 39. Ba1 exd5 40. Bxd5 Qf8 41. Qd4 Ng7 42. Qxg7+ Qxg7 43. Bxg7 Kxg7 44. Re7+ Kf8 45. Rxa7 Rc1+ 46. Kg2 Rc2 47. Ra6 Nf5 48. Be4 1-0

[Event "WchT Blitz Pool A"]
[Site "London"]
[Date "2025.06.14"]
[Round "1.4"]
[White "Lohia, Sohum"]
[Black "Maurizzi, Marc Andria"]
[Result "0-1"]
[WhiteElo "2364"]
[BlackElo "2607"]
[PlyCount "60"]
[EventDate "2025.06.14"]
[EventType "team-tourn"]
[EventRounds "13"]
[EventCountry "ENG"]
[SourceTitle "CB25_2025"]
[SourceDate "2025.06.18"]
[SourceVersion "1"]
[SourceVersionDate "2025.06.18"]
[SourceQuality "1"]
[WhiteTeam "Turkish Airlines Sports"]
[BlackTeam "Knight Dance"]
[WhiteTeamCountry "TUR"]
[BlackTeamCountry "FRA"]

1. e4 c5 2. Nf3 Nc6 3. Bb5 e6 4. 0-0 Nge7 5. Re1 Nd4 6. Nxd4 cxd4 7. c3 a6 8. Bf1 Nc6 9. b4 Bd6 10. a4 0-0 11. Bb2 Qc7 12. g3 dxc3 13. dxc3 b6 14. Nd2 Bb7 15. Nc4 Be7 16. a5 b5 17. Nb6 Rad8 18. Rc1 f5 19. exf5 Ne5 20. Bg2 Bxg2 21. Kxg2 Qc6+ 22. f3 Rxf5 23. Rxe5 Rxe5 24. c4 Rf5 25. cxb5 Qxb5 26. Rc7 Bxb4 27. Nxd7 Rd5 28. Nc5 Bxc5 29. Rxg7+ Kf8 30. Qb1 Qxb2+ 0-1

[Event "WchT Blitz Pool A"]
[Site "London"]
[Date "2025.06.14"]
[Round "3.4"]
[White "Sava, Christiansen Danut"]
[Black "Maurizzi, Marc Andria"]
[Result "0-1"]
[WhiteElo "2002"]
[BlackElo "2607"]
[PlyCount "82"]
[EventDate "2025.06.14"]
[EventType "team-tourn"]
[EventRounds "13"]
[EventCountry "ENG"]
[SourceTitle "CB25_2025"]
[SourceDate "2025.06.18"]
[SourceVersion "1"]
[SourceVersionDate "2025.06.18"]
[SourceQuality "1"]
[WhiteTeam "xChess.AI"]
[BlackTeam "Knight Dance"]
[WhiteTeamCountry "ROU"]
[BlackTeamCountry "FRA"]

1. b4 d6 2. Bb2 e5 3. Nf3 f5 4. e3 Nf6 5. c4 g6 6. Be2 Bg7 7. 0-0 0-0 8. d3 h6 9. Nc3 Be6 10. a4 Nbd7 11. a5 a6 12. Qc2 g5 13. Nd2 g4 14. d4 e4 15. d5 Bf7 16. Nb3 Ne5 17. Nd4 Qd7 18. Rad1 h5 19. c5 h4 20. c6 bxc6 21. dxc6 Nxc6 22. b5 Nxd4 23. Rxd4 axb5 24. Bxb5 c6 25. Ba4 Rxa5 26. Rfd1 d5 27. Ba3 Rc8 28. Bb4 Raa8 29. Bc5 Qc7 30. Rb4 Nd7 31. Ne2 Nxc5 32. Qxc5 Bf8 33. Qc3 Bxb4 34. Qxb4 c5 35. Qb3 d4 36. Qb5 Rcb8 37. Qd7 Qxd7 38. Bxd7 d3 39. Nf4 c4 40. Bxf5 c3 41. Bxe4 c2 0-1

[Event "WchT Rapid"]
[Site "London"]
[Date "2025.06.13"]
[Round "12.4"]
[White "Martirosyan, Haik M"]
[Black "Maurizzi, Marc Andria"]
[Result "1-0"]
[WhiteElo "2610"]
[BlackElo "2472"]
[PlyCount "83"]
[EventDate "2025.06.11"]
[EventType "team-swiss"]
[EventRounds "12"]
[EventCountry "ENG"]
[SourceTitle "CB25_2025"]
[SourceDate "2025.06.18"]
[SourceVersion "1"]
[SourceVersionDate "2025.06.18"]
[SourceQuality "1"]
[WhiteTeam "Freedom"]
[BlackTeam "Knight Dance"]
[WhiteTeamCountry "IND"]
[BlackTeamCountry "FRA"]

1. d4 Nf6 2. c4 e6 3. Nf3 b6 4. g3 Bb7 5. Bg2 Be7 6. 0-0 0-0 7. Nc3 Ne4 8. Bd2 d6 9. d5 Nxd2 10. Nxd2 e5 11. b4 Nd7 12. Nb3 a5 13. bxa5 bxa5 14. a4 f5 15. Nb5 e4 16. Qd2 Bg5 17. e3 Bf6 18. Ra2 Ne5 19. Nxa5 Bc8 20. Nb3 Nxc4 21. Qc2 Nb6 22. N3d4 Bd7 23. a5 Bxd4 24. Nxd4 Nxd5 25. Qc4 c6 26. Nxc6 Bxc6 27. Qxc6 Rxa5 28. Rxa5 Qxa5 29. Qxd6 Qd8 30. Qc5 Ne7 31. Ra1 Ng6 32. h4 Qf6 33. Ra5 Qe7 34. Qb5 Qd6 35. Bf1 Kh8 36. h5 Ne7 37. Ra6 Qb8 38. Rb6 Qc7 39. h6 gxh6 40. Rb7 Qd6 41. Qb2+ Rf6 42. Rd7 1-0

[Event "WchT Rapid"]
[Site "London"]
[Date "2025.06.11"]
[Round "3.4"]
[White "Vokhidov, Shamsiddin"]
[Black "Maurizzi, Marc Andria"]
[Result "1-0"]
[WhiteElo "2519"]
[BlackElo "2472"]
[PlyCount "57"]
[EventDate "2025.06.11"]
[EventType "team-swiss"]
[EventRounds "12"]
[EventCountry "ENG"]
[SourceTitle "CB25_2025"]
[SourceDate "2025.06.18"]
[SourceVersion "1"]
[SourceVersionDate "2025.06.18"]
[SourceQuality "1"]
[WhiteTeam "Uzbekistan"]
[BlackTeam "Knight Dance"]
[WhiteTeamCountry "UZB"]
[BlackTeamCountry "FRA"]

1. e4 e5 2. Nf3 d6 3. d4 exd4 4. Nxd4 Nf6 5. Nc3 g6 6. Be3 Ng4 7. Bf4 Bg7 8. Qd2 Nc6 9. Bb5 Bd7 10. Bxc6 bxc6 11. 0-0-0 Rb8 12. Nf3 0-0 13. h3 Nf6 14. e5 Nd5 15. Nxd5 cxd5 16. Bh6 Be6 17. Bxg7 Kxg7 18. Rhe1 dxe5 19. Nxe5 Qd6 20. Nd3 c6 21. g4 Kg8 22. Qf4 Rfd8 23. Qf6 Re8 24. f4 Qd8 25. Qd4 Qb6 26. Nc5 Qb4 27. Qxb4 Rxb4 28. f5 Rb5 29. b4 1-0

[Event "POL-chT Ekstraliga"]
[Site "Chotowa"]
[Date "2025.06.09"]
[Round "8.1"]
[White "Maurizzi, Marc Andria"]
[Black "Volokitin, Andrei"]
[Result "0-1"]
[WhiteElo "2607"]
[BlackElo "2626"]
[PlyCount "114"]
[EventDate "2025.06.02"]
[EventType "team-tourn"]
[EventRounds "9"]
[EventCountry "POL"]
[SourceTitle "CB24_2025"]
[SourceDate "2025.06.11"]
[SourceVersion "1"]
[SourceVersionDate "2025.06.11"]
[SourceQuality "1"]
[WhiteTeam "Dabrowa Gornicza Zaglebie"]
[BlackTeam "Pegow Wieza"]
[WhiteTeamCountry "POL"]
[BlackTeamCountry "POL"]

1. d4 Nf6 2. c4 e6 3. Nf3 d5 4. Nc3 Bb4 5. cxd5 exd5 6. Bf4 Ne4 7. Rc1 Nc6 8. Nd2 g5 9. Be3 Nxc3 10. bxc3 Ba3 11. Rb1 f5 12. Nf3 f4 13. Bd2 0-0 14. h3 Bf5 15. e3 Qe7 16. Be2 Bd6 17. 0-0 Bxb1 18. Qxb1 fxe3 19. Bxe3 Bf4 20. Bxf4 gxf4 21. Re1 Rae8 22. Qxb7 Qd6 23. Qb1 Rf7 24. Bd3 Rxe1+ 25. Qxe1 Re7 26. Qb1 Nd8 27. Nh4 Qf6 28. Nf5 Re8 29. Qd1 Ne6 30. Qh5 Rf8 31. Nh6+ Kh8 32. Ng4 Qg7 33. Qxd5 Ng5 34. h4 Nf7 35. Qh5 Nd6 36. Ne5 Rf6 37. Nf3 Qf7 38. Qe5 h6 39. Ng5 Qg7 40. Ne6 Qe7 41. Nxc7 Nc8 42. Nd5 Qxe5 43. dxe5 Rc6 44. c4 Ra6 45. Bb1 Ra4 46. Nxf4 Rxc4 47. Ng6+ Kg7 48. Bf5 Kf7 49. Nh8+ Kg7 50. Ng6 Kf7 51. g4 Ne7 52. Nxe7 Kxe7 53. Kg2 Ra4 54. g5 hxg5 55. hxg5 Rxa2 56. g6 Re2 57. e6 Kf6 0-1

[Event "FRA-chT Top 16 Haute"]
[Site "Belfort"]
[Date "2025.05.30"]
[Round "2.3"]
[White "Maurizzi, Marc Andria"]
[Black "Wirig, Anthony"]
[Result "1-0"]
[WhiteElo "2607"]
[BlackElo "2438"]
[PlyCount "81"]
[EventDate "2025.05.29"]
[EventType "team-tourn"]
[EventRounds "4"]
[EventCountry "FRA"]
[SourceTitle "CB23_2025"]
[SourceDate "2025.06.04"]
[SourceVersion "1"]
[SourceVersionDate "2025.06.04"]
[SourceQuality "1"]
[WhiteTeam "Chartres"]
[BlackTeam "Grasse Echecs"]
[WhiteTeamCountry "FRA"]
[BlackTeamCountry "FRA"]

1. e4 c5 2. Nf3 a6 3. g3 d6 4. Bg2 g6 5. 0-0 Bg7 6. d4 cxd4 7. Nxd4 Nf6 8. Nc3 0-0 9. h3 Nc6 10. Be3 Bd7 11. Nde2 b5 12. Nd5 Rb8 13. b3 b4 14. Qd2 e6 15. Ndf4 Qa5 16. a3 d5 17. exd5 Nxd5 18. Nxd5 exd5 19. axb4 Qxb4 20. Rxa6 Qxd2 21. Bxd2 Rfe8 22. Nf4 Nd4 23. Bxd5 g5 24. Nh5 Bxh3 25. Nxg7 Red8 26. Bg2 Ne2+ 27. Kh2 Bxg2 28. Kxg2 Rxd2 29. Nf5 Rxc2 30. Rd1 Rc5 31. Rf6 Nc3 32. Nh6+ Kh8 33. Rd7 Rf8 34. Nxf7+ Kg7 35. Rf3 Rd5 36. Nxg5+ Rxd7 37. Ne6+ Kh6 38. Nxf8 Rc7 39. Ne6 Rc8 40. Rf6+ Kh5 41. f3 1-0

[Event "FRA-chT Top 16 Haute"]
[Site "Belfort"]
[Date "2025.05.29"]
[Round "1.5"]
[White "Degraeve, Remy"]
[Black "Maurizzi, Marc Andria"]
[Result "0-1"]
[WhiteElo "2403"]
[BlackElo "2607"]
[PlyCount "50"]
[EventDate "2025.05.29"]
[EventType "team-tourn"]
[EventRounds "4"]
[EventCountry "FRA"]
[SourceTitle "CB23_2025"]
[SourceDate "2025.06.04"]
[SourceVersion "1"]
[SourceVersionDate "2025.06.04"]
[SourceQuality "1"]
[WhiteTeam "Marseille"]
[BlackTeam "Chartres"]
[WhiteTeamCountry "FRA"]
[BlackTeamCountry "FRA"]

1. e4 c6 2. Nf3 d5 3. d3 g6 4. e5 Bg7 5. d4 f6 6. Be2 fxe5 7. Nxe5 Nf6 8. Nd2 0-0 9. 0-0 c5 10. dxc5 Qc7 11. Ndf3 Qxc5 12. c4 Nc6 13. cxd5 Nxd5 14. Nxc6 bxc6 15. Qa4 Rb8 16. a3 Bf5 17. Qh4 Bxb2 18. Ng5 h5 19. Bxb2 Rxb2 20. Bf3 e5 21. Rac1 Qd4 22. Ne4 Nf4 23. Rfd1 Qb6 24. Nf6+ Rxf6 25. Qxf6 Nh3+ 0-1

[Event "FRA-chT rapid"]
[Site "Cappelle la Grande"]
[Date "2025.04.20"]
[Round "11.1"]
[White "Maurizzi, Marc Andria"]
[Black "Strasser, Rouben"]
[Result "1-0"]
[WhiteElo "2605"]
[BlackElo "2047"]
[PlyCount "87"]
[EventDate "2025.04.19"]
[EventType "team-swiss (rapid)"]
[EventRounds "15"]
[EventCountry "FRA"]
[SourceTitle "CB17_2025"]
[SourceDate "2025.04.23"]
[SourceVersion "1"]
[SourceVersionDate "2025.04.23"]
[SourceQuality "1"]

1. e4 c5 2. Nf3 e6 3. Be2 Nc6 4. Nc3 a6 5. 0-0 d6 6. d4 cxd4 7. Nxd4 Bd7 8. Nb3 Nf6 9. Bf4 Ne5 10. Qd4 Qc7 11. Rad1 Be7 12. Rfe1 Rc8 13. Bf1 0-0 14. h3 b5 15. a3 Rfd8 16. Qe3 Bc6 17. Bh2 Bb7 18. Rd4 Nc6 19. Rd2 Ne5 20. Red1 h6 21. f3 Nfd7 22. Kh1 Ba8 23. a4 b4 24. Na2 a5 25. c3 Nb6 26. Nxa5 Nxa4 27. cxb4 Qb6 28. Qxb6 Nxb6 29. Nc3 f6 30. Bg1 Nbc4 31. Bxc4 Nxc4 32. Nxc4 Rxc4 33. b5 Kf7 34. b6 Bc6 35. Ra1 Ra8 36. Ra7 Rb4 37. Rc7 Be8 38. Rxd6 Rxb2 39. Bc5 Ra5 40. Rxe6 Rxc5 41. Rexe7+ Kf8 42. Rxe8+ Kxe8 43. Rxc5 Rxb6 44. Rc7 1-0

[Event "ITA-chT Final 56th"]
[Site "Darfo Boario Terme"]
[Date "2025.04.13"]
[Round "9.13"]
[White "Pultinevicius, Paulius"]
[Black "Maurizzi, Marc Andria"]
[Result "1/2-1/2"]
[WhiteElo "2558"]
[BlackElo "2605"]
[PlyCount "80"]
[EventDate "2025.04.07"]
[EventType "team-swiss"]
[EventRounds "9"]
[EventCountry "ITA"]
[SourceTitle "CB16_2025"]
[SourceDate "2025.04.16"]
[SourceVersion "1"]
[SourceVersionDate "2025.04.16"]
[SourceQuality "1"]
[WhiteTeam "WorldtradingLab"]
[BlackTeam "Costa Smeralda Arzachess"]
[WhiteTeamCountry "ITA"]
[BlackTeamCountry "ITA"]

1. d4 Nf6 2. c4 e6 3. Nf3 Bb4+ 4. Nbd2 0-0 5. g3 d5 6. Bg2 b6 7. 0-0 Bb7 8. Qc2 Nbd7 9. cxd5 exd5 10. Ne5 Re8 11. Ndf3 Nxe5 12. dxe5 Ne4 13. Bf4 Bc5 14. Rad1 Qe7 15. Ne1 b5 16. Nd3 Bb6 17. Rc1 Rad8 18. b4 a5 19. bxa5 Bxa5 20. Qb2 Ba6 21. Rc6 Bb6 22. Rfc1 b4 23. Nxb4 Bb7 24. Nxd5 Rxd5 25. Bxe4 Bxc6 26. Rxc6 Rc5 27. Rxb6 cxb6 28. Qxb6 Rcc8 29. h4 Rb8 30. Qe3 Qe6 31. Qd3 Rbd8 32. Qc2 h6 33. Bh7+ Kh8 34. Bf5 Qd5 35. a4 Qd1+ 36. Kg2 Qxc2 37. Bxc2 Rc8 38. Bd3 Rc5 39. Bb5 Re6 40. Kf3 Kg8 1/2-1/2

[Event "EU-ch 25th"]
[Site "Eforie Nord"]
[Date "2025.03.23"]
[Round "8"]
[White "Maurizzi, Marc Andria"]
[Black "Samadov, Read"]
[Result "1/2-1/2"]
[WhiteElo "2622"]
[BlackElo "2502"]
[PlyCount "69"]
[EventDate "2025.03.15"]
[EventType "swiss"]
[EventRounds "11"]
[EventCountry "ROU"]
[SourceTitle "CB13_2025"]
[SourceDate "2025.03.26"]
[SourceVersion "1"]
[SourceVersionDate "2025.03.26"]
[SourceQuality "1"]

1. e4 c5 2. Nf3 d6 3. d4 cxd4 4. Nxd4 Nf6 5. Nc3 a6 6. Bg5 e6 7. f4 Nbd7 8. Qe2 Qc7 9. 0-0-0 b5 10. f5 e5 11. Nd5 Nxd5 12. exd5 Nb6 13. Qh5 Be7 14. Bd3 h6 15. h4 exd4 16. Rde1 Nxd5 17. Rxe7+ Nxe7 18. Re1 Be6 19. fxe6 0-0-0 20. Bxe7 Qxe7 21. Qd5 Qb7 22. Qxb7+ Kxb7 23. exf7 Rhf8 24. Re7+ Kc6 25. Bf5 d5 26. Kd2 Rd6 27. Kd3 Rf6 28. Be6 Kc5 29. Re8 R6xf7 30. Bxf7 Rxf7 31. Rc8+ Kb6 32. Rd8 Kc5 33. Rc8+ Kb6 34. Rd8 Kc5 35. Rc8+ 1/2-1/2

[Event "EU-ch 25th"]
[Site "Eforie Nord"]
[Date "2025.03.22"]
[Round "7"]
[White "Nemec, Jachym"]
[Black "Maurizzi, Marc Andria"]
[Result "0-1"]
[WhiteElo "2442"]
[BlackElo "2622"]
[PlyCount "88"]
[EventDate "2025.03.15"]
[EventType "swiss"]
[EventRounds "11"]
[EventCountry "ROU"]
[SourceTitle "CB13_2025"]
[SourceDate "2025.03.26"]
[SourceVersion "1"]
[SourceVersionDate "2025.03.26"]
[SourceQuality "1"]

1. Nf3 Nf6 2. g3 b5 3. Bg2 Bb7 4. 0-0 c5 5. d3 d6 6. e4 Nbd7 7. Qe2 e5 8. a4 a6 9. Nc3 b4 10. Nd1 Be7 11. Ne3 0-0 12. Nd2 Re8 13. a5 Nf8 14. Ndc4 Ne6 15. Nb6 Rb8 16. f4 exf4 17. gxf4 Nd4 18. Qd1 Bf8 19. c3 bxc3 20. bxc3 Nb5 21. c4 Nd4 22. Ra2 Nd7 23. Nbd5 Nf6 24. Nxf6+ Qxf6 25. f5 Bc6 26. Ng4 Qh4 27. Bf4 Rb3 28. Bg3 Qd8 29. f6 g6 30. Bf2 Rb7 31. Be3 h5 32. Nf2 Re6 33. Bh3 Rxf6 34. Bg5 Be7 35. Bxf6 Bxf6 36. Bg2 Be5 37. Nh3 Bd7 38. Qe1 Rb3 39. Qf2 Be6 40. Rd2 Qxa5 41. Ng5 Rb7 42. Ra2 Qd8 43. Nxe6 Nxe6 44. Kh1 Nf4 0-1

[Event "EU-ch 25th"]
[Site "Eforie Nord"]
[Date "2025.03.15"]
[Round "1"]
[White "Stepanencu, Nicodim Cosmin"]
[Black "Maurizzi, Marc Andria"]
[Result "0-1"]
[WhiteElo "2297"]
[BlackElo "2622"]
[PlyCount "74"]
[EventDate "2025.03.15"]
[EventType "swiss"]
[EventRounds "11"]
[EventCountry "ROU"]
[SourceTitle "CB13_2025"]
[SourceDate "2025.03.26"]
[SourceVersion "1"]
[SourceVersionDate "2025.03.26"]
[SourceQuality "1"]

1. d4 Nf6 2. c4 b6 3. Nf3 Bb7 4. e3 g6 5. Nc3 Bg7 6. g3 d5 7. cxd5 Nxd5 8. Bg2 Nxc3 9. bxc3 0-0 10. 0-0 c5 11. Bb2 Qc7 12. Qa4 Nd7 13. Rad1 Rfd8 14. Rfe1 Be4 15. Re2 Qb7 16. Ne1 Bxg2 17. Nxg2 b5 18. Qb3 c4 19. Qc2 e5 20. e4 Rac8 21. Ne3 exd4 22. cxd4 c3 23. Bc1 Nf6 24. e5 Nd5 25. Qb3 a5 26. a3 Bf8 27. Rd3 b4 28. axb4 axb4 29. Nc2 Qb5 30. Ne1 Qc4 31. Qb1 b3 32. Kf1 Rb8 33. Rf3 Ra8 34. Bg5 Ra2 35. Qd3 Qxd3 36. Rxd3 Rxe2 37. Kxe2 b2 0-1

[Event "Prague Challengers 7th"]
[Site "Prague"]
[Date "2025.02.28"]
[Round "3"]
[White "Ma, Qun"]
[Black "Maurizzi, Marc Andria"]
[Result "1/2-1/2"]
[WhiteElo "2645"]
[BlackElo "2581"]
[PlyCount "62"]
[EventDate "2025.02.26"]
[EventType "tourn"]
[EventRounds "9"]
[EventCountry "CZE"]
[EventCategory "13"]
[SourceTitle "CB11_2025"]
[SourceDate "2025.03.12"]
[SourceVersion "1"]
[SourceVersionDate "2025.03.12"]
[SourceQuality "1"]

1. e4 e5 2. Nf3 Nc6 3. Bb5 Nf6 4. 0-0 Nxe4 5. Re1 Nd6 6. Nxe5 Be7 7. Bf1 Nxe5 8. Rxe5 0-0 9. d4 Ne8 10. c4 Bf6 11. Re1 d5 12. cxd5 Qxd5 13. Be3 Be6 14. Nc3 Qd7 15. d5 Bf5 16. Bd4 Bxd4 17. Qxd4 Nd6 18. h3 a6 19. Re5 Rfe8 20. Rae1 Rxe5 21. Rxe5 Re8 22. g4 Bg6 23. f4 f6 24. Re3 h5 25. Be2 hxg4 26. hxg4 Rxe3 27. Qxe3 Bf7 28. Qa7 Qe8 29. Qd4 Qd7 30. Qa7 Qe8 31. Qd4 Qd7 1/2-1/2